000 00457nam a2200145 i 4500
001 21266
003 ES-MaACL
007 t|
008 021122s1966 sp ||||1| spa d
100 1 _aAlbeloa, Víctor Manuel.
_919258
245 1 0 _aDios es hombre para siempre
_b: cantos y llantos de Navidad /
_cVíctor Manuel Albeloa.
260 _aSalamanca :
_bSígueme,
_c1966.
300 _a158 p., 3 lám. :
_bil. ;
_c19 cm.
852 _aES-MaACL
_jG-15957
_bR.70234
999 _c21266
_d21266